| 000 | 00476nam a2200169Ia 4500 | ||
|---|---|---|---|
| 999 |
_c35217 _d35217 |
||
| 003 | OSt | ||
| 005 | 20211101125533.0 | ||
| 008 | 190216s9999||||xx |||||||||||||| ||und|| | ||
| 040 | _coclc | ||
| 082 |
_a635.9 _bSWA/G |
||
| 100 |
_aSwarup, Vishnu _98878 |
||
| 245 | 0 |
_aGarden Flowers / _cVishnu Swarup |
|
| 260 |
_bNational Book Trust, _c1967. _aNew Delhi: |
||
| 300 | _a261p | ||
| 650 | _aGarden Flowers | ||
| 942 |
_cREF _2ddc _h635.9 _iSWA/G _k635.9 _mSWA/G |
||